La Democracia y el derecho: ¿realmente han servido para contener las tentaciones autoritarias y militares en América Latina? /
Sábháilte in:
| Príomhchruthaitheoir: | |
|---|---|
| Formáid: | Téacs |
| Ábhair: | |
| Clibeanna: |
Cuir clib leis
Níl clibeanna ann, Bí ar an gcéad duine le clib a chur leis an taifead seo!
|
MARC
| LEADER | 00000 a a2200000 04500 | ||
|---|---|---|---|
| 001 | 2010 | ||
| 003 | |||
| 040 | |||
| 100 | |a Valverde Gómez, Ricardo | ||
| 245 | |a La Democracia y el derecho: ¿realmente han servido para contener las tentaciones autoritarias y militares en América Latina? / |c Ricardo Valverde Gómez | ||
| 650 | |a DEMOCRACIA | ||
| 650 | |a DERECHO | ||
| 650 | |a ELECCIONES | ||
| 650 | |a AUTORITARISMO | ||
| 650 | |a SISTEMAS ELECTORALES | ||
| 773 | |g número 19; páginas 303-316 | ||
| 999 | |c 39594 |d 39594 | ||
